| 000 | 00673nam a22002297a 4500 | ||
|---|---|---|---|
| 003 | IIN | ||
| 005 | 20250328145123.0 | ||
| 008 | 250328b |||adc|| |||| 001 0 eng d | ||
| 020 |
_a9789354656545 _cRs.895.00 |
||
| 040 | _aIIN | ||
| 082 |
_a610.7 _bNAY |
||
| 100 | _aNayak, Shivananda B. | ||
| 245 |
_aHandbook of Applied Biochemistry, Nutrition & Dietetics _bfor Nursing and Allied Health Students _cShivananda Nayak B |
||
| 250 | _a5th ed. | ||
| 260 |
_aNew Delhi _bJaypee _c2022 |
||
| 300 |
_axxiii, 402 p. _bsome col. ill. |
||
| 500 | _aIncludes Index | ||
| 650 |
_aBiochemistry _xApplied Biochemistry |
||
| 650 | _aNutrition | ||
| 650 | _aDietetics | ||
| 942 | _cBOOK | ||
| 999 |
_c1718 _d1718 |
||